| 000 | 01263nam1a22002891 4500 | ||
|---|---|---|---|
| 001 | v19\rc\1857824 | ||
| 005 | 20260406191036.0 | ||
| 035 | _a(NLR Aleph) 004951796 | ||
| 090 |
_a5890481 _c5890481 |
||
| 100 | _a20251123 rusy50 | ||
| 101 | 0 | _arus | |
| 102 | _aRU | ||
| 105 | _ay z ||||| | ||
| 200 | 1 | _aГодичный отчет Профессионального общ. дам. портных и модисток гор. Одессы... | |
| 210 |
_a[Одесса] _d1909-1916 |
||
| 215 | _d17 | ||
| 300 | _aС отчета за 1912 г. загл.: Отчет... | ||
| 517 | 0 | _aОтчет Профессионального общества дамских портных и модисток гор. Одессы | |
| 532 | 1 | 2 | _aГодичный отчет Профессионального общества дамских портных и модисток гор. Одессы... |
| 710 | 0 | 2 |
_aОдесское проф. о-во дамских портных и модисток _9402133 _3RU\NLR\AUTH\889953070 |
| 801 | 0 |
_aRU _bNLR _gpsbo |
|
| 801 | 0 |
_aRU _bRuMoRGB _2psbo |
|
| 801 | 1 |
_aRU _bProSoft-M _2rusmarc |
|
| 852 |
_aNLR _jШифры разные _y(1908-1915) |
||
| 899 |
_aRuMoRGB _jV 4/35 _y(1908-1915*) |
||
| 942 | _cBOOK | ||
| 980 | _aNB | ||